000 01182nam a2200337Ia 4500
003 OSt
005 20220912144657.0
006 a|||||r|||| 00| 0
007 ta
008 220909b |||||||| |||| 00| 0 eng d
020 _a9781405116527 (pbk)
020 _aSL01560671
024 _a189279
037 _b2266, 24/01/2014, Ashutosh Technical Books
037 _cTextbook
040 _aCSL
_beng
_cCSL
041 _aeng
082 _aH3:f3, M6;P7;4 TH
100 _aRowland Stephen M; Duebendorfer Rrnest M; Schiefelbein Ilsa M
245 0 _aStructural geology analysis and synthesis : laboratory course in structural geology
250 _a3
260 _aOxford
_bBlackwell
_c2007
300 _axii,301p. ill.
500 _aReferences 289-290p.; Further reading 291-296p.; Index 297-301p.
650 _a Laboratory Manuals
650 _a Structural geology
650 _aGeology
700 _aRowland Stephen M; Duebendorfer Rrnest M; Schiefelbein Ilsa M
942 _hH3:f3, M6;P7;4 TH
_cTB
_2CC
999 _c15506
_d15506